Péguy / (Record no. 184150)

MARC details
000 -LEADER
campo de control de longitud fija 00826nam a2200265 i 4500
001 - NÚMERO DE CONTROL
campo de control 184150
003 - IDENTIFICADOR DE NÚMERO DE CONTROL
campo de control ES-MaACL
005 - FECHA Y HORA DE LA ÚLTIMA TRANSACCIÓN
campo de control 20230906222055.0
008 - DATOS DE LONGITUD FIJA--INFORMACIÓN GENERAL
campo de control de longitud fija 150327s1962 sp |||| |bspa d
080 ## - NÚMERO DE LA CLASIFICACIÓN DECIMAL UNIVERSAL
Número de la Clasificación Decimal Universal 929 Péguy, Charles
100 1# - ENTRADA PRINCIPAL--NOMBRE DE PERSONA
Nombre de persona Roussel, Jean.
9 (RLIN) 156638
245 10 - MENCIÓN DEL TÍTULO
Título Péguy /
Mención de responsabilidad, etc. Jean Roussel ; prólogo de Daniel Rops ; [traducción... de Rafael Andreu].
250 ## - MENCION DE EDICION
Mención de edición 1ª ed.
260 ## - PUBLICACIÓN, DISTRIBUCIÓN, ETC.
Lugar de publicación, distribución, etc. Barcelona :
Nombre del editor, distribuidor, etc. Fontanella,
Fecha de publicación, distribución, etc. 1962.
300 ## - DESCRIPCIÓN FÍSICA
Extensión 145 p. ;
Dimensiones 17 cm.
490 1# - MENCIÓN DE SERIE
Mención de serie Testigos del siglo XX ;
Designación de volumen o secuencia 2
504 ## - NOTA DE BIBLIOGRAFÍA, ETC.
Nota de bibliografía, etc. Bibliografía: p. 141-144.
597 ## - NOTA DE DESCRIPCIÓN FÍSICA
NOTA DE DESCRIPCIÓN FÍSICA En cub.: retr. de Péguy.
600 17 - PUNTO DE ACCESO ADICIONAL DE MATERIA--NOMBRE DE PERSONA
Nombre de persona Péguy, Charles.
9 (RLIN) 89969
700 0# - ENTRADA AGREGADA--NOMBRE PERSONAL
Nombre de persona Daniel-Rops.
9 (RLIN) 42631
700 1# - ENTRADA AGREGADA--NOMBRE PERSONAL
Nombre de persona Andreu, Rafael.
9 (RLIN) 21638
830 0# - PUNTO DE ACCESO ADICIONAL DE SERIE-TÍTULO UNIFORME
Título uniforme Testigos del siglo XX ;
Designación de volumen o secuencia 2
9 (RLIN) 192049
852 ## - LOCALIZACIÓN
Ubicación ES-MaACL
Número de control de estantería E-15523
Holdings
Estatus retirado Estado de pérdida Estado de daño No para préstamo Biblioteca de origen Biblioteca actual Ubicación en estantería Fecha de adquisición Fuente de adquisición Total de préstamos Signatura topográfica completa Código de barras Visto por última vez Precio de reemplazo Tipo de ítem Koha
        Biblioteca del Ateneo de Madrid Biblioteca del Ateneo de Madrid Depósito 2 27/03/2015     E-15523 1193678 23/02/2023 23/02/2023 Libro impreso